|
|
|
|
| LEADER |
00000nas a2200000 a 4500 |
| 001 |
ssj0000492747 |
| 003 |
WaSeSS |
| 005 |
20200512172242.0 |
| 006 |
m d |
| 007 |
cr n |
| 008 |
060524c200u9999nr fx p s 0 0eng |
| 010 |
|
|
|a 2006202736
|
| 022 |
|
|
|y 1596-6208
|
| 035 |
|
|
|a (WaSeSS)ssj0000492747
|
| 040 |
|
|
|a DLC
|b eng
|c DLC
|d DLC
|d OCLCQ
|d OCLCF
|d OCLCO
|d CUS
|d WaSeSS
|
| 042 |
|
|
|a pcc
|
| 050 |
0 |
0 |
|a QA1
|b .G565
|
| 245 |
0 |
0 |
|a Global journal of mathematical sciences
|h [electronic resource].
|
| 260 |
|
|
|a Calabar, Nigeria :
|b Bachudo Science Co.
|
| 310 |
|
|
|a Two issues a year
|
| 506 |
|
|
|a License restrictions may limit access.
|
| 580 |
|
|
|a The Global journal of mathematical sciences is one of a series of journals whose parent journal is the Global journal of pure and applied sciences.
|
| 588 |
|
|
|a Description based on: Vol. 3, no. 1 (2004); title from cover.
|
| 650 |
|
0 |
|a Mathematics
|v Periodicals.
|
| 650 |
|
7 |
|a Mathematics.
|2 fast
|0 (OCoLC)fst01012163
|
| 655 |
|
0 |
|a Electronic journals.
|
| 730 |
0 |
|
|a Global journal of pure and applied sciences.
|
| 787 |
1 |
|
|t Global journal of pure and applied sciences
|x 1118-0579
|w (DLC) 96644263
|w (OCoLC)36144943
|
| 850 |
|
|
|a DLC
|
| 856 |
4 |
0 |
|z Full text available from Research Library: 07/01/2009 to 01/31/2013
|u https://search.proquest.com/publication/55122
|